000 00649cam a22002055a 4500
001 L153767
008 110826s2011 xxk f 000 0 eng d
020 _a9780956931306
035 _a(Sirsi) u153767
041 0 _aeng
050 0 4 _a333.332091 $2 18
110 2 _aInternational Valuation Standards Council
_95828
245 0 0 _aInternational valuation standards 2011
260 _aLondon
_bIVSC
_c2011
520 _aIncludes all of the International Valuation Standards as of 1st June 2011, and is the only offical printed edition of these standards.
590 _aKA
651 4 _aInternational
690 _aValuation
_96273
942 _n0
999 _c112692
_d112692